All teams to ever beat the reigning World cup winner - Statistics

General Stats
  • This quiz has been taken 1,123 times
    115 since last reset
  • The average score is 115 of 140
Answer Stats
Answer % Correct
Argentina
98%
Brazil
97%
Colombia
92%
England
92%
Spain
92%
Uruguay
92%
France
91%
Italy
91%
Chile
88%
USA
88%
Mexico
86%
Sweden
86%
Denmark
85%
Portugal
85%
Netherlands
84%
Ecuador
83%
Paraguay
83%
Norway
80%
Russia
80%
Switzerland
80%
Bolivia
79%
Belgium
78%
Hungary
78%
Scotland
78%
Australia
77%
Croatia
77%
Poland
76%
Austria
74%
South Korea
74%
Ireland
73%
West Germany
72%
Yugoslavia
72%
Bulgaria
71%
Slovakia
67%
Wales
67%
Egypt
66%
Soviet Union
66%
Romania
65%
Czechoslovakia
64%
Senegal
64%
Turkey
64%
Finland
62%
Tunisia
62%
Cameroon
60%
Costa Rica
58%
South Africa
45%
No matching quizzes found
Score Distribution
Percent of People with Each Score
Percentile by Number Answered
Your Score History
You have not taken this quiz since the last reset